| Tag |
First Indicator |
Second Indicator |
Subfields |
| LEADER |
00000cam a2200000 a 4500 |
| 001 |
in00000015189 |
| 005 |
20151007053011.0 |
| 008 |
860730s1987 nyu b 00110 eng |
| 010 |
|
|
|a 86020516
|
| 020 |
|
|
|a 0275922227 (alk. paper) :
|c $33.85
|
| 035 |
|
|
|a (OCoLC)14098813
|
| 035 |
|
|
|9 AAB0002AM
|
| 040 |
|
|
|a DLC
|c DLC
|d m/c
|d TXA
|d UtOrBLW
|
| 043 |
|
|
|a e-gw---
|a e-ge---
|a e------
|
| 049 |
|
|
|a TXAM
|c [A11057732]
|
| 050 |
0 |
0 |
|a DD258.85.G35
|b F74 1987
|
| 082 |
0 |
|
|a 327.4304
|2 19
|
| 100 |
1 |
|
|a Frey, Eric G.
|
| 245 |
1 |
0 |
|a Division and detente :
|b the Germanies and their alliances /
|c Eric G. Frey.
|
| 264 |
|
1 |
|a New York :
|b Praeger,
|c 1987.
|
| 300 |
|
|
|a xvi, 194 pages ;
|c 25 cm.
|
| 336 |
|
|
|a text
|b txt
|2 rdacontent
|
| 337 |
|
|
|a unmediated
|b n
|2 rdamedia
|
| 338 |
|
|
|a volume
|b nc
|2 rdacarrier
|
| 504 |
|
|
|a Bibliography: pages 173-183.
|
| 500 |
|
|
|a Includes index.
|
| 651 |
|
0 |
|a Germany (West)
|x Foreign relations
|z Germany (East)
|
| 651 |
|
0 |
|a Germany (East)
|x Foreign relations
|z Germany (West)
|
| 651 |
|
0 |
|a Germany (West)
|x Foreign relations
|z Europe.
|
| 651 |
|
0 |
|a Germany (East)
|x Foreign relations
|z Europe.
|
| 651 |
|
0 |
|a Europe
|x Foreign relations
|z Germany (West)
|
| 651 |
|
0 |
|a Europe
|x Foreign relations
|z Germany (East)
|
| 650 |
|
0 |
|a Detente.
|
| 650 |
|
0 |
|a Alliances.
|
| 999 |
|
|
|a MARS
|
| 999 |
f |
f |
|s d0ce54d4-aa0a-35f8-8933-8a9397261091
|i bbfe6ea7-374d-3086-a025-fe873f1b5384
|t 0
|
| 952 |
f |
f |
|p normal
|a Texas A&M University
|b College Station
|c Sterling C. Evans Library
|d Evans: Library Stacks
|t 0
|e DD258.85.G35 F74 1987
|h Library of Congress classification
|i unmediated -- volume
|m A14811057732
|
| 998 |
f |
f |
|a DD258.85.G35 F74 1987
|t 0
|l Evans: Library Stacks
|